000 00932nas a2200301 4500
001 BR2013007700
003 BR-BrBNA
005 20231205123006.0
007 ta
008 230509b bl.|||p| |||| 00| 00por d
040 _aBR-BrBNA
_bpor
_cBiblioteca Nacional de Agricultura
041 _a(Pt)
072 _aF61
100 1 _aRozane, D.E.
100 1 _aPrado, R. de M.
100 1 _aNatale, W.
100 1 _aRomualdo, L.M.
100 1 _aFranco, C.F.
245 1 _aCaracterização biométrica e acúmulo de nutrientes em porta-enxertos de caramboleira cultivada em solução nutritiva
650 _aCARMABOLA
650 _aNUTRIENTE
650 _aPORTA ENXERTO
650 _aCRESCIMENTO
650 _aSOLUÇÃO NUTRITIVA
773 0 _tRevista Ciência Agronômica (Brazil)
_xISSN 0045-6888
_g(Jul-Sep 2013), v. 44(3) p. 426-436
_wBR2013007700
909 _a202311
_bLúcia
_c55
_dLúcia Elande
942 _2AGRIS
_n0
_cANA
999 _c231653
_d231653